| 000 | 00590nam a2200181Ia 4500 | ||
|---|---|---|---|
| 003 | GCL | ||
| 008 | 140319s9999 xx 000 0 ara d | ||
| 040 |
_aGCL / _cGCL |
||
| 082 | 0 | 4 |
_a811.9 _bا ع |
| 100 | 1 | _aاحمد شمس الدين الحجاجى | |
| 245 | 1 | 0 |
_aعلى الربابة (شعر) / _cاحمد شمس الدين الحجاجى |
| 700 | 1 | _aاحمد عبدالقادرالعشاوى | |
| 300 | _a135 ص | ||
| 490 |
_aاشراقات ادبية _v0 |
||
| 650 | 0 | 4 | _aدواوين وقصائد |
| 650 | 0 | 4 | _aالشعر العربى - العصر الحديث |
| 942 |
_2ddc _cBK |
||
| 999 |
_c37643 _d37643 |
||